| 000 | 00493nam a22001817a 4500 | ||
|---|---|---|---|
| 003 | NUST - PNEC | ||
| 005 | 20170116180806.0 | ||
| 008 | 150422b xxu||||| |||| 00| 0 eng d | ||
| 020 | _a0861879236 | ||
| 040 | _cLIBRARY | ||
| 082 | _a297.1 CHO | ||
| 100 |
_92963 _aChoueiri, Youssef M. |
||
| 245 |
_aIslamic fundamentalism _cYoussef M. Choueiri |
||
| 260 |
_aLondon _bPrinter Publishers, London, _cc1990. |
||
| 300 |
_a178 p. : _c23 cm. |
||
| 650 |
_92965 _aIslam _xGeneral |
||
| 942 |
_2ddc _cBK |
||
| 999 |
_c63182 _d63182 |
||